Almost Useless Trivia #1 - Statistics

General Stats
  • This quiz has been taken 639 times
    617 since last reset
  • The average score is 13 of 20
Answer Stats
Hint Answer % Correct
What year did WWll start? 1939
97%
Venison is a name given to the meat of which animal? Deer
87%
There are two countries that begin with the letter Z, name the alphabetically first one Zambia
87%
How many players are there in a soccer team? 11
86%
Which planet has the most moons? Jupiter
86%
What type of penguin is the largest? Emperor
83%
How many syllables make up a haiku? 17
76%
What part of the body produces insulin? Pancreas
74%
Rabat is the capital of what country? Morocco
71%
What is the rarest color of M&M candy? Brown
67%
What is a female sheep called? Ewe
66%
Which popular female singer’s real name is Stefani Joanne Angelina Germanotta? Lady Gaga
66%
What is the only food that has no expiration date? Honey
61%
Which city hosted the 2000 summer olympics? Sydney
58%
Who wrote the novel "To Kill a Mockingbird"? Harper Lee
57%
What month is Brazil's "Independence Day"? September
55%
Which play of Shakespeare’s is the longest? Hamlet
53%
What is the tiny piece at the end of a shoelace called? Aglet
38%
What is the loudest animal on Earth? Sperm whale
16%
Who was given the title “King of Comedy”? Charlie Chaplin
11%
No matching quizzes found
Score Distribution
Percent of People with Each Score
Percentile by Number Answered
Your Score History
You have not taken this quiz since the last reset